00883nam a2200253 a 450000100060000000300080000600500170001400800410003102000150007203500190008704000320010604100080013808200250014610000310017124500750020225000130027726000510029030000340034150400300037565000570040594200120046299900170047495201380049170532BD-RjUL20211209082018.0170418s1984 njua b 001 0 eng  a0137293283 a(BD-RjUL)70746 aDLCcDLCdDLCdBD-RjULbeng aeng00a005.13223bPRP 19841 aPratt, Terrence W.920877210aProgramming languages: design and implementation /cTerrence W. Pratt. a2nd. ed. aEnglewood Cliffs, N.J. :bPrentice-Hall,c1984 axiv, 530 p. :bill. ;c24 cm. aBibliography: p. 511-519. 0aProgramming languages (Electronic computers)9154277 2ddccBK c70532d70532 00102ddc40718NFICaRUCLbRUCLcReadingd1988-05-31eAsia Foundationl0o005.13 PRP 1984r2017-04-18 00:00:00tC-1w2017-04-18yBK